Counties by Letter: J - Statistics

General Stats
  • This quiz has been taken 36 times
  • The average score is 71 of 101
Answer Stats
State County % Correct
Georgia | Iowa | Mississippi | +3 others Jones
95%
Alabama | Arkansas | Colorado | +23 others Jefferson
89%
Texas Jack
79%
Alabama | Arkansas | Colorado | +21 others Jackson
79%
Arkansas | Georgia | Illinois | +9 others Johnson
79%
Georgia | Illinois | Indiana | +5 others Jasper
63%
Alaska | Wisconsin Juneau
63%
Georgia Jenkins
53%
Indiana Jay
47%
North Carolina | Oklahoma Johnston
47%
Georgia | Texas Jeff Davis
42%
Louisiana | Mississippi Jefferson Davis
42%
Indiana Jennings
32%
Oregon Josephine
32%
Pennsylvania Juniata
32%
Illinois Jersey
26%
Utah Juab
26%
Idaho Jerome
21%
Kentucky Jessamine
21%
Texas Jim Hogg
21%
Texas Jim Wells
21%
Virginia James City
16%
Kansas Jewell
16%
Illinois Jo Daviess
16%
Montana Judith Basin
16%
South Dakota Jerauld
11%
No matching quizzes found
Score Distribution
Percent of People with Each Score
Percentile by Number Answered
Your Score History
You have not taken this quiz